00379nam a2200121Ia 4500008004100000245004200041245001400083260000900097650001100106856004800117999001900165952007300184171211s9999 xx 000 0 und d aIsraeli Backpackers: A View From Afar cChaim Noy c2006 xTRAVEL uhttp://down.ebook777.com/062/0791464989.pdf c347741d347741 001040aCLbCLd2017-12-11l0r2017-12-11 00:00:00w2017-12-11yCBE